Rozpad vícenárodních států jako koaliční konflikt.

I pri rôznorodosti príčin konfliktov medzi národnosťami existujú modelové prostriedky, pomocou ktorých sa dá problematika prežitia či rozpadu viacnárodných štátov popísať a navrhnúť optimálna stratégia riešenia konfliktu. Základnou modelovacou technikou je teória koaličných konfliktov. Hlavným predm...

ver descrição completa

Na minha lista:
Detalhes bibliográficos
Autor principal: Maňas, Miroslav
Formato: Capítulo de Livro
Idioma:tcheco
Assuntos:
Tags: Adicionar Tag
Sem tags, seja o primeiro a adicionar uma tag!

MARC

LEADER 00000naa a2200000 4500
001 r007456
005 20220831090802.8
041 0 |a cze 
044 |a [CS] 
245 1 0 |a Rozpad vícenárodních států jako koaliční konflikt.  |c Miroslav Maňas 
520 |a I pri rôznorodosti príčin konfliktov medzi národnosťami existujú modelové prostriedky, pomocou ktorých sa dá problematika prežitia či rozpadu viacnárodných štátov popísať a navrhnúť optimálna stratégia riešenia konfliktu. Základnou modelovacou technikou je teória koaličných konfliktov. Hlavným predmetom skúmania v koaličnom konflikte sú rozhodnutia jeho účastníkov. Kľúčovým problémom zostavenia modelu je špecifikácia vecného významu úžitku koalície. Zhrnutie zásad racionálneho riešenia konfliktnej situácie. 
610 2 0 |a politika národnostná 
610 2 0 |a konflikty 
610 2 0 |a koalícia 
610 2 0 |a modely 
610 2 0 |a štát 
100 1 |a Maňas, Miroslav